| 000 | 00303 a2200085 4500 | ||
|---|---|---|---|
| 020 | _a9781864709087 | ||
| 100 | _aVladimir Belogolovsky | ||
| 245 | _aImagine Buildings Floating like Clouds: Thoughts and Visions on Contemporary Architecture from 101 Key Creatives | ||
| 260 |
_b The Images Publishing Group _c2022 |
||
| 999 |
_c13348 _d13348 |
||